Accounting information systems (Бичлэгийн дугаар. 145985)
| 000 -УДИРДЛАГА | |
|---|---|
| Удирдлага | 00995nam a22003137a 4500 |
| 003 - ХЯНАЛТЫН ТОО ТОДОРХОЙЛОГЧ | |
| Код | MN-UlNUM |
| 005 - БИЧИЛТ ХИЙСЭН ОГНОО | |
| Тухайн бичилтийг бичсэн засварласан сүүлийн огноо | 20251219142120.0 |
| 008 - ЕРӨНХИЙ МЭДЭЭЛЭЛ | |
| Ерөнхий мэдээлэл | 251219s1993 mauab||| |||| 001 0 eng | |
| 020 ## - ISBN | |
| ISBN | 0538824867 |
| 040 ## - БИЧЛЭГ ҮҮСГЭГЧ БАЙГУУЛЛАГА | |
| Бичлэг үүсгэгч номын сангийн код | МУИС-ийн номын сан |
| 084 ## - ББК АНГИЛАЛ | |
| Нэмэлт тусгалт | Бусад |
| ББК ангилал | 65.290-2 |
| Зохиогчийн гурван тэмдэгт | G 34 |
| Мэдлэгийн ялгаа | 65 - Эдийн засаг |
| 100 1# - ЗОХИОГЧ | |
| Зохиогчийн нэр | Gelinas, Ulric J. |
| 245 10 - ҮНДСЭН ГАРЧИГ | |
| Номын нэр | Accounting information systems |
| Оролцогчдын тухай мэдээ | Ulric J. Gelinas, Jr., Allan E. Oram, William P. Wiggins. |
| 260 ## - ГАРАЛТЫН МЭДЭЭ | |
| Хэвлэгдсэн газар | Boston : |
| Хэвлэлийн газар | PWS-Kent Pub. Co., |
| Хэвлэгдсэн он | 1993. |
| 300 ## - МАТЕРИАЛЫН ТОДОРХОЙЛОЛТ | |
| хуудасны тоо | xxxii, 904 p.: |
| Бусад тоон мэдээлэл | ill. ; |
| Хэмжээ | 25 cm. |
| 500 ## - Тайлбар | |
| Дансны дугаар | БС 4635 |
| 546 ## - ХЭЛНИЙ ТУХАЙ МЭДЭЭ | |
| Хэл | Англи хэл дээр, |
| 653 ## - Түлхүүр үг | |
| Түлхүүр үг | accounting |
| 653 ## - Түлхүүр үг | |
| Түлхүүр үг | data processing |
| 700 1# - ХАМ ЗОХИОГЧИД | |
| Ба бус | Oram, Allan E. |
| 700 1# - ХАМ ЗОХИОГЧИД | |
| Ба бус | Oram, Allan E. |
| 740 ## - НОМЫН ГАРЧИГ | |
| Гарчиг | Introduction to Accounting Information Systems |
| 740 ## - НОМЫН ГАРЧИГ | |
| Гарчиг | Information Concepts: An Organizational Perspective |
| 740 ## - НОМЫН ГАРЧИГ | |
| Гарчиг | Documenting Information Systems |
| 740 ## - НОМЫН ГАРЧИГ | |
| Гарчиг | A Model Information System |
| 740 ## - НОМЫН ГАРЧИГ | |
| Гарчиг | Controlling Information Systems: A control Framework |
| 942 ## - ЭЛЕМЕНТИЙН ТӨРӨЛ | |
| Зүйлийн төрөл | Ном |
